[Event "BC Masters"]
[Site "Bois Colombes FRA"]
[Date "2003.12.28"]
[Round "7"]
[White "Janev,E"]
[Black "Afek,Y"]
[Result "1-0"]
[WhiteElo "2423"]
[BlackElo "2376"]
[EventDate "2003.12.21"]

1. e4 c5 2. Nf3 Nf6 3. Nc3 d6 4. d4 cxd4 5. Nxd4 g6 6. g3 Bg7 7. Bg2 Nc6 8.
Nxc6 bxc6 9. e5 dxe5 10. Qxd8+ Kxd8 11. Bxc6 Rb8 12. O-O Kc7 13. Bg2 Bb7
14. Re1 Bxg2 15. Kxg2 Kd6 16. b3 Ke6 17. Bb2 Rhd8 18. Ne2 Nd5 19. Rad1 f6
20. Nd4+ Kd7 21. c4 Nb4 22. Nc2+ Ke8 23. Rxd8+ Kxd8 24. Rd1+ Kc8 25. Nxb4
Rxb4 26. Kf3 Rb6 27. c5 Rb5 28. Rc1 Kc7 29. Rc4 Kc6 30. b4 Kd5 31. c6 Rb8
32. Rc2 Kd6 33. b5 Kc7 34. a4 a6 35. Bc3 e4+ 36. Ke2 axb5 37. Ba5+ Kc8 38.
Rd2 1-0

[Event "BC Masters"]
[Site "Bois Colombes FRA"]
[Date "2003.12.28"]
[Round "7"]
[White "Wirig,A"]
[Black "Shoker,S"]
[Result "1/2-1/2"]
[WhiteElo "2424"]
[BlackElo "2273"]
[EventDate "2003.12.21"]

1. d4 g6 2. Nf3 Bg7 3. c3 d6 4. Bg5 Nd7 5. Nbd2 c5 6. e3 Ngf6 7. Bd3 O-O 8.
O-O Qc7 9. Qe2 Re8 10. Rfd1 e5 11. dxe5 dxe5 12. Bxf6 Nxf6 13. e4 Nh5 14.
g3 Qe7 15. Nf1 Bh6 16. Ne1 Qg5 17. h4 Qe7 18. Ne3 Be6 19. N1g2 Nf6 20. Bc4
Red8 21. Bxe6 Qxe6 22. Qf3 b5 23. a4 Rxd1+ 24. Rxd1 bxa4 25. Nd5 Nxd5 26.
exd5 Qf5 27. Qxf5 gxf5 28. Ra1 c4 29. Rxa4 Rd8 30. Ra5 Bc1 31. Ne3 Bxe3 32.
fxe3 e4 33. Kf2 Kg7 34. Ke2 Kf6 35. Ra6+ Ke5 36. Rxa7 Rxd5 37. Ra4 Rb5 38.
Rb4 Rc5 39. Kd2 Rd5+ 40. Ke2 Rc5 41. Rb7 h5 42. Rb6 Rc8 43. Rb5+ Kf6 44.
Rb4 Ke5 45. Ke1 Rc6 46. Kf1 Rc8 47. Kf2 Rd8 48. Rb5+ Kf6 49. Rb6+ Ke5 50.
Ke1 Rg8 51. Kf2 Rd8 52. Ke2 1/2-1/2

[Event "BC Masters"]
[Site "Bois Colombes FRA"]
[Date "2003.12.28"]
[Round "7"]
[White "Apicella,M"]
[Black "Todorov,T"]
[Result "1/2-1/2"]
[WhiteElo "2542"]
[BlackElo "2472"]
[EventDate "2003.12.21"]

1. e4 c5 2. Nf3 Nc6 3. d4 cxd4 4. Nxd4 e5 5. Nb5 d6 6. Bc4 Nf6 7. O-O h6 8.
a4 Be7 9. N1c3 O-O 10. Be3 a6 11. Na3 Nb4 12. f3 Be6 13. Nd5 Nbxd5 14. exd5
Bd7 15. c3 Nh5 16. Re1 f5 17. Bf1 Bh4 18. Re2 f4 19. Bf2 Ng3 20. hxg3 fxg3
21. Be1 Qb6+ 22. Kh1 Rf5 23. Nc4 Qc5 24. Re4 Rh5 25. f4 Rf5 26. b4 Qc7 27.
Bd3 Raf8 28. Nd2 Rxf4 29. Nf3 Bg4 30. Rxf4 Rxf4 31. Bd2 Rf8 32. Qe2 Bd8 33.
Be4 Qf7 34. Kg1 Qh5 35. Be3 Qh2+ 36. Nxh2 gxh2+ 37. Kxh2 Bxe2 38. Rc1 Bc4
39. a5 Bh4 40. g3 Be7 41. Kg2 Rf6 42. Rh1 Kf8 43. Bd2 Bd8 44. Be3 Rf7 45.
Rd1 Ke7 46. Bf3 Kf8 47. Bh5 Rf6 48. Bg4 Ke8 49. Bc8 Be2 50. Rd2 Bf1+ 51.
Kg1 Bc4 52. Kg2 Bf1+ 53. Kh2 Rf3 54. Rf2 Rxe3 55. Rxf1 b6 56. axb6 Bxb6 57.
c4 Rb3 58. c5 dxc5 59. bxc5 Bxc5 60. Bxa6 e4 61. Re1 e3 62. Be2 Ke7 63. Kg2
Rb2 64. Kf3 Kd6 65. Rd1 Ra2 66. g4 Rb2 67. Rd3 Rb8 68. Kg3 Re8 69. Rd1 Re5
70. Rd3 Re7 71. Rd1 Rf7 72. Bf3 Rf8 73. Ra1 Ke5 74. Ra4 Rb8 75. Re4+ Kd6
76. Re6+ Kd7 77. Bd1 Rb4 78. Be2 Rb2 1/2-1/2

[Event "BC Masters"]
[Site "Bois Colombes FRA"]
[Date "2003.12.28"]
[Round "7"]
[White "Marcelin,C"]
[Black "Okhotnik,V"]
[Result "1-0"]
[WhiteElo "2473"]
[BlackElo "2454"]
[EventDate "2003.12.21"]

1. d4 e6 2. c4 f5 3. Nf3 Nf6 4. g3 d6 5. Bg2 Be7 6. O-O O-O 7. Nc3 a5 8.
Qc2 Nc6 9. a3 e5 10. d5 Nb8 11. e4 Nxe4 12. Nxe4 fxe4 13. Qxe4 Na6 14. Qe3
a4 15. Bd2 Nc5 16. Bb4 Nb3 17. Rae1 b6 18. Nxe5 dxe5 19. Bxe7 Qxe7 20. d6
cxd6 21. Bxa8 Bh3 22. Bg2 Bxg2 23. Kxg2 Qb7+ 24. f3 Rc8 25. Qd3 Qc6 26. Rd1
Na5 27. Qxd6 Qxd6 28. Rxd6 Nxc4 29. Rd3 Nxb2 30. Re3 Rc2+ 31. Kh3 Nc4 32.
Rd3 Rd2 33. Rxd2 Nxd2 34. Rd1 Nxf3 35. Rb1 e4 36. Kg2 Ne5 37. Rxb6 Nc4 38.
Rb4 Nxa3 39. Rxe4 Nb5 40. Rxa4 Kf7 41. Kf3 Nd6 42. Kf4 Kf6 43. Ra6 Ke7 44.
g4 Nf7 45. Ra7+ Kf6 46. Ra6+ Ke7 47. h4 g6 48. Ra7+ Kf6 49. g5+ Ke6 50. Rb7
Nd6 51. Rxh7 Nf5 52. Kg4 Ne3+ 53. Kf3 Nf5 54. Kf4 Kd5 55. h5 1-0

[Event "BC Masters"]
[Site "Bois Colombes FRA"]
[Date "2003.12.28"]
[Round "7"]
[White "Rainfray,A"]
[Black "Bernard,V"]
[Result "1-0"]
[WhiteElo "2409"]
[BlackElo "2278"]
[EventDate "2003.12.21"]

1. e4 e5 2. Nf3 Nc6 3. Bb5 a6 4. Ba4 Nf6 5. d4 exd4 6. O-O Be7 7. e5 Ne4 8.
Nxd4 Nxd4 9. Qxd4 Nc5 10. Qg4 Nxa4 11. Qxg7 Rf8 12. Bh6 d6 13. b3 Nc5 14.
Nc3 Bf5 15. Nd5 Ne6 16. Qg3 Be4 17. Bxf8 Bxd5 18. Bxe7 Qxe7 19. exd6 Qxd6
20. Qg8+ Qf8 21. Qxh7 O-O-O 22. Rad1 Bc6 23. Rxd8+ Nxd8 24. Qf5+ Ne6 25.
Re1 Qg7 26. f3 Kb8 27. Rd1 b6 28. Kh1 Kb7 29. Qd3 Qg5 30. Qd2 Qh4 31. Qe3
Qh5 32. c3 Qf5 33. Qd3 Qf6 34. Re1 Qg5 35. Qe3 Qd5 36. Kg1 Qf5 37. h3 Ng5
38. Kh2 Qg6 39. Re2 Qh5 40. Qf4 Ne6 41. Qf6 Qh7 42. Re5 Qd3 43. Qxf7 Nc5
44. Qf4 Qxc3 45. Re7 Nd7 46. h4 Qc5 47. Rg7 a5 48. Rg5 Qe7 49. h5 Nf6 50.
Re5 Qd6 51. h6 Nh7 52. Rf5 Qg6 53. Rf7 Qh5+ 54. Kg3 Qg6+ 55. Kh4 Ka6 56.
Rg7 Qb1 57. Kg3 Qc2 58. Qc4+ Qxc4 59. bxc4 Nf6 60. Rg6 1-0

[Event "BC Masters"]
[Site "Bois Colombes FRA"]
[Date "2003.12.29"]
[Round "8"]
[White "Afek,Y"]
[Black "Bernard,V"]
[Result "1-0"]
[WhiteElo "2376"]
[BlackElo "2278"]
[EventDate "2003.12.21"]

1. e4 c5 2. Nf3 Nc6 3. c3 Nf6 4. e5 Nd5 5. d4 cxd4 6. cxd4 d6 7. Bc4 Nb6 8.
Bb5 dxe5 9. Nxe5 Bd7 10. Nxd7 Qxd7 11. Nc3 e6 12. O-O Be7 13. Qg4 Kf8 14.
Be3 h5 15. Qe4 Bf6 16. Rac1 Rc8 17. Rfd1 Nd5 18. Nxd5 Qxd5 19. Qxd5 exd5
20. Rc5 Ne7 21. Rdc1 Rxc5 22. Rxc5 g6 23. Bd7 a6 24. Rc7 Kg7 25. Rxb7 Rd8
26. Kf1 Nc8 27. Rb8 Rxd7 28. Rxc8 Rb7 29. b3 Rb6 30. Ke2 g5 31. Kd3 Kg6 32.
Rc7 Rd6 33. Bd2 Bd8 34. Rc8 a5 35. Ra8 g4 36. Bxa5 Bxa5 37. Rxa5 Rf6 38.
Ke2 Rc6 39. Rc5 Ra6 40. Rc2 f5 41. Kd3 f4 42. a4 Rb6 43. Kc3 Re6 44. b4 Re1
45. b5 h4 46. b6 Rb1 47. a5 Rb5 48. Ra2 Kf5 49. a6 Rxb6 50. a7 Rc6+ 51. Kd3
1-0

[Event "BC Masters"]
[Site "Bois Colombes FRA"]
[Date "2003.12.29"]
[Round "8"]
[White "Okhotnik,V"]
[Black "Rainfray,A"]
[Result "1-0"]
[WhiteElo "2454"]
[BlackElo "2409"]
[EventDate "2003.12.21"]

1. d3 Nf6 2. f4 d5 3. Nf3 g6 4. e3 Bg7 5. Be2 O-O 6. O-O Bg4 7. Nc3 Nc6 8.
d4 Bxf3 9. Bxf3 e6 10. b3 Ne7 11. Ba3 Re8 12. g4 b6 13. Qd3 Rc8 14. Na4 c5
15. c3 Rc7 16. Rfd1 Nd7 17. Rac1 Nc8 18. Qe2 Qh4 19. Qg2 Ne7 20. Qg3 Qxg3+
21. hxg3 Rec8 22. dxc5 Nxc5 23. Nxc5 bxc5 24. c4 d4 25. exd4 Bxd4+ 26. Kg2
a5 27. Rc2 Nc6 28. Bc1 Ra7 29. g5 Ne7 30. g4 e5 31. f5 Re8 32. f6 Nc8 33.
Bc6 Re6 34. Bd5 Re8 35. Kf3 Nd6 36. Rh2 e4+ 37. Ke2 h5 38. gxh5 gxh5 39.
Rxh5 Nf5 40. Bf4 1-0

[Event "BC Masters"]
[Site "Bois Colombes FRA"]
[Date "2003.12.29"]
[Round "8"]
[White "Shoker,S"]
[Black "Apicella,M"]
[Result "0-1"]
[WhiteElo "2273"]
[BlackElo "2542"]
[EventDate "2003.12.21"]

1. c4 Nf6 2. g3 g6 3. Bg2 Bg7 4. Nc3 O-O 5. Rb1 c6 6. Nf3 d5 7. cxd5 cxd5
8. O-O Nc6 9. b4 d4 10. Na4 a6 11. Bb2 e5 12. d3 Nd5 13. a3 a5 14. Nd2 Nce7
15. b5 b6 16. Nc4 Rb8 17. e4 dxe3 18. fxe3 f6 19. e4 Nc7 20. Naxb6 Nxb5 21.
Nxc8 Rxc8 22. Nxe5 Qb6+ 23. Kh1 fxe5 24. Qb3+ Kh8 25. Rxf8+ Rxf8 26. a4 Rb8
27. Ba1 Nc6 28. axb5 Nb4 29. Rc1 Qxb5 30. Rc7 Qxd3 31. Qxd3 Nxd3 32. Bf1
Rb1 33. Kg2 Ne1+ 34. Kf2 Rxa1 35. Rc8+ Bf8 36. Rxf8+ Kg7 37. Re8 Nf3 38. h4
Nd2 39. Bd3 a4 40. Ke3 Nb3 41. Bc4 Re1+ 42. Kf2 Rxe4 43. Bxb3 axb3 44. Rb8
Kf6 45. Rf8+ Ke6 46. Rb8 Rc4 47. Rxb3 Kf5 48. Rb5 Rc2+ 49. Kf3 Rc3+ 50. Kf2
h5 51. Rb4 Rd3 52. Ra4 Rd4 53. Ra6 Rd2+ 54. Ke3 Rb2 55. Ra4 Rb3+ 56. Kf2 e4
57. Ra5+ Kg4 58. Rg5+ Kh3 59. Rxg6 Rf3+ 60. Ke2 Rxg3 61. Rg5 Kxh4 62. Re5
e3 63. Re4+ Kh3 64. Re5 h4 65. Re4 Rg4 66. Rxe3+ Kg2 67. Ke1 h3 68. Re2+
Kg1 0-1

[Event "BC Masters"]
[Site "Bois Colombes FRA"]
[Date "2003.12.30"]
[Round "9"]
[White "Wirig,A"]
[Black "Afek,Y"]
[Result "1/2-1/2"]
[WhiteElo "2424"]
[BlackElo "2376"]
[EventDate "2003.12.21"]

1. c4 Nf6 2. g3 g6 3. Bg2 Bg7 4. Nc3 O-O 5. e4 c5 6. Nge2 Nc6 7. d3 a6 8.
Be3 d6 9. h3 Rb8 10. Rc1 b5 11. b3 Ne8 12. O-O Nc7 13. cxb5 Nxb5 14. Nxb5
axb5 15. d4 cxd4 16. Nxd4 Nxd4 17. Bxd4 Qa5 18. Bxg7 Kxg7 19. Qd4+ f6 20.
b4 Qxa2 21. Rc7 Rb7 22. Qxd6 Rf7 23. Qd8 Rxc7 24. Qxc7 Be6 25. Qc5 Bc4 26.
Rd1 e5 27. h4 Qe2 1/2-1/2

[Event "BC Masters"]
[Site "Bois Colombes FRA"]
[Date "2003.12.30"]
[Round "9"]
[White "Marcelin,C"]
[Black "Shoker,S"]
[Result "1-0"]
[WhiteElo "2473"]
[BlackElo "2273"]
[EventDate "2003.12.21"]

1. d4 g6 2. e4 Bg7 3. c4 d6 4. Nc3 Nf6 5. Bd3 O-O 6. Nge2 c5 7. d5 e6 8.
O-O Na6 9. a3 exd5 10. cxd5 Ng4 11. Bc2 c4 12. h3 Ne5 13. f4 Nd3 14. Bxd3
cxd3 15. Qxd3 Nc5 16. Qc2 f5 17. Be3 Nxe4 18. Nxe4 fxe4 19. Rac1 Bd7 20.
Qb3 a6 21. Bd4 Bh6 22. Qxb7 Rb8 23. Qc7 Bb5 24. Qxd8 Rbxd8 25. Rfe1 Bd3 26.
g3 Rf7 27. h4 Re8 28. Rc6 Bf8 29. a4 h6 30. Kf2 Bxe2 31. Rxe2 Rf5 32. Rxa6
Rxd5 33. Ke3 Bg7 34. Bxg7 Rd3+ 35. Kf2 Kxg7 36. Rc2 Kf6 37. Ke2 Kf5 38. Rd2
Rxg3 39. Rdxd6 g5 40. fxg5 e3 41. Rf6+ Kg4 42. Rae6 Rb8 43. Re4+ Kh3 44. b4
hxg5 45. hxg5 Ra8 46. Rxe3 Rxa4 47. Rxg3+ Kxg3 48. b5 Re4+ 49. Kd3 Re5 50.
Kc4 Rxg5 51. b6 Rg8 52. b7 Kg4 53. Kc5 1-0

[Event "BC Masters"]
[Site "Bois Colombes FRA"]
[Date "2003.12.30"]
[Round "9"]
[White "Rainfray,A"]
[Black "Todorov,T"]
[Result "1/2-1/2"]
[WhiteElo "2409"]
[BlackElo "2472"]
[EventDate "2003.12.21"]

1. e4 c5 2. c3 d6 3. d4 Nf6 4. Bd3 Nc6 5. Nf3 e5 6. dxe5 dxe5 7. O-O Be7 8.
Qe2 O-O 9. h3 Ne8 10. Be3 Qc7 11. Nbd2 b6 1/2-1/2